States Donald Trump Won in 2024 - Statistics

General Stats
  • This quiz has been taken 101 times
  • The average score is 27 of 31
Answer Stats
Hint Answer % Correct
40 Texas
99%
30 Florida
95%
9 Alabama
94%
16 North Carolina
94%
9 South Carolina
94%
3 Alaska
92%
11 Arizona
92%
3 North Dakota
92%
3 South Dakota
92%
16 Georgia
91%
15 Michigan
89%
4 Idaho
88%
17 Ohio
88%
19 Pennsylvania
88%
10 Wisconsin
88%
6 Arkansas
87%
6 Kansas
87%
4 Montana
85%
5 Nebraska
85%
6 Nevada
85%
3 Wyoming
85%
6 Iowa
84%
6 Mississippi
84%
11 Tennessee
84%
6 Utah
84%
11 Indiana
82%
7 Oklahoma
82%
8 Kentucky
81%
4 West Virginia
80%
8 Louisiana
79%
10 Missouri
78%
No matching quizzes found
Score Distribution
Percent of People with Each Score
Percentile by Number Answered
Your Score History
You have not taken this quiz